Clean people and an unclean country/ (Record no. 19087)

MARC details
000 -LEADER
fixed length control field 01371nam a2200397 a 4500
001 - CONTROL NUMBER
control field vtls000013712
003 - CONTROL NUMBER IDENTIFIER
control field NLI
005 - DATE AND TIME OF LATEST TRANSACTION
control field 20210601181535.0
008 - FIXED-LENGTH DATA ELEMENTS--GENERAL INFORMATION
fixed length control field 101125s1969 ii f 000 0 eng
039 #9 - LEVEL OF BIBLIOGRAPHIC CONTROL AND CODING DETAIL [OBSOLETE]
-- 201011250108
-- VLOAD
040 0# - CATALOGING SOURCE
Original cataloging agency NLI
Language of cataloging eng
Transcribing agency VERGIS-2003
041 0# - LANGUAGE CODE
Language code of text/sound track or separate title eng
044 ## - COUNTRY OF PUBLISHING/PRODUCING ENTITY CODE
MARC country code ii
082 04 - DEWEY DECIMAL CLASSIFICATION NUMBER
Classification number 628.4
100 1# - MAIN ENTRY--PERSONAL NAME
Personal name Malkani, N.R.
Fuller form of name Naraindas Rattanmal
Dates associated with a name 1890-
9 (RLIN) 51962
245 10 - TITLE STATEMENT
Title Clean people and an unclean country/
Statement of responsibility, etc. N.R. Malkani
260 ## - PUBLICATION, DISTRIBUTION, ETC.
Place of publication, distribution, etc. New Delhi:
Name of publisher, distributor, etc. Subcommittee of Social Programmes,
Date of publication, distribution, etc. 1969
300 ## - PHYSICAL DESCRIPTION
Extent 161 p.:
Other physical details plates;
Dimensions 18 cm.
504 ## - BIBLIOGRAPHY, ETC. NOTE
Bibliography, etc. note Bibliography: p. 159-161
650 #0 - SUBJECT ADDED ENTRY--TOPICAL TERM
Topical term or geographic name entry element Sewage disposal
Geographic subdivision India
9 (RLIN) 51963
650 #0 - SUBJECT ADDED ENTRY--TOPICAL TERM
Topical term or geographic name entry element Sewarage
Geographic subdivision India
9 (RLIN) 51964
650 #0 - SUBJECT ADDED ENTRY--TOPICAL TERM
Topical term or geographic name entry element Sanitary engineering
Geographic subdivision Tamil Nadu (India)
9 (RLIN) 51965
650 #0 - SUBJECT ADDED ENTRY--TOPICAL TERM
Topical term or geographic name entry element Sanitation
Geographic subdivision India
9 (RLIN) 16999
650 #0 - SUBJECT ADDED ENTRY--TOPICAL TERM
Topical term or geographic name entry element Privies
9 (RLIN) 51966
710 1# - ADDED ENTRY--CORPORATE NAME
Corporate name or jurisdiction name as entry element Sub - Committee for Social Programmes National Committee for the Ganghi Centenary
9 (RLIN) 51967
887 ## - NON-MARC INFORMATION FIELD
Content of non-MARC field Sivankalai S.
901 ## - LOCAL DATA ELEMENT A, LDA (RLIN)
a DB 20688
b 01/05/1972
902 ## - LOCAL DATA ELEMENT B, LDB (RLIN)
a E 628.4 M 295
903 ## - LOCAL DATA ELEMENT C, LDC (RLIN)
a 03/03/2004
904 ## - LOCAL DATA ELEMENT D, LDD (RLIN)
a Sivankalai S.
906 ## - LOCAL DATA ELEMENT F, LDF (RLIN)
a 012649
949 ## - LOCAL PROCESSING INFORMATION (OCLC)
-- VIRTUAITEM
-- 10000
-- 1
-- 100
6 DBA000020688ENG
a E 628.4 M295
942 ## - ADDED ENTRY ELEMENTS (KOHA)
Source of classification or shelving scheme Dewey Decimal Classification
Koha item type Books
Holdings
Withdrawn status Lost status Damaged status Not for loan Collection code Home library Current library Shelving location Date acquired Total Checkouts Full call number Barcode Date last seen Price effective from Koha item type
        New English National Library of India National Library of India New English - Main Stack Division     E 628.4 M 295 DBA000020688ENG 01/06/2021 01/06/2021 Books
                                                                           
web counter

Copyright ©2020 The National Library of India, Govt. of India ↔ Hosted by NVLI, MOC ↔ Technology and Design by National Library of India, Ministry of Culture, Govt. of India